00370nam a2200121Ia 4500008004100000082001500041100002100056245004400077260003300121365000600154630004400160730004400204100415s9999 xx 000 0 und d b13534a639 aGoldsmith,Barrie aMonitoning For Conservation And Ecology aLONDONc1991bCHAPMAN & HALL b0 aMonitoning For Conservation And Ecology aMonitoning For Conservation And Ecology